Trace the Coast of Hispaniola - Statistics

General Stats
  • This quiz has been taken 22 times
  • The average score is 13 of 26
Answer Stats
Hint Answer % Correct
Haiti Nord
73%
Haiti Nord-Est
73%
DR La Altagracia
64%
Haiti Nord-Ouest
64%
DR Santo Domingo
64%
DR El Seibo
55%
DR Espaillat
55%
DR Hato Mayor
55%
DR María Trinidad Sánchez
55%
DR Monte Cristi
55%
Haiti Ouest
55%
DR Puerto Plata
55%
DR Samaná
55%
Haiti Sud-Est
55%
Haiti Artibonite
45%
DR Barahona
45%
Haiti Grand'Anse
45%
Haiti Nippes
45%
DR Pedernales
45%
DR Azua
36%
DR Peravia
36%
DR San Cristóbal
36%
DR Distrito Nacional
27%
DR Santo Domingo
27%
DR La Romana
18%
DR San Pedro de Macorís
18%
No matching quizzes found
Score Distribution
Percent of People with Each Score
Percentile by Number Answered
Your Score History
You have not taken this quiz